<?xml version="1.0" encoding="UTF-8"?>
<record
    xmlns:xsi="http://www.w3.org/2001/XMLSchema-instance"
    xsi:schemaLocation="http://www.loc.gov/MARC21/slim http://www.loc.gov/standards/marcxml/schema/MARC21slim.xsd"
    xmlns="http://www.loc.gov/MARC21/slim">

  <leader>01015nab a2200253 uc4500</leader>
  <controlfield tag="001">838318</controlfield>
  <controlfield tag="005">20241018090419.0</controlfield>
  <controlfield tag="008">030819e20020405                    spa  </controlfield>
  <datafield tag="035" ind1=" " ind2=" ">
    <subfield code="a">838318</subfield>
  </datafield>
  <datafield tag="035" ind1=" " ind2=" ">
    <subfield code="a">(OCoLC)820072581</subfield>
  </datafield>
  <datafield tag="040" ind1=" " ind2=" ">
    <subfield code="c">comduadb</subfield>
  </datafield>
  <datafield tag="041" ind1=" " ind2=" ">
    <subfield code="a">spa</subfield>
  </datafield>
  <datafield tag="100" ind1="1" ind2="0">
    <subfield code="a">Hidalgo Xirinachs, Roxana</subfield>
    <subfield code="4">aut</subfield>
    <subfield code="e">aut</subfield>
    <subfield code="9">524873</subfield>
  </datafield>
  <datafield tag="245" ind1="1" ind2="3">
    <subfield code="a">La comprension hermeneutica : un acercamiento psicoanalitico y socio historico a la interpretacion de textos miticos y literarios</subfield>
  </datafield>
  <datafield tag="650" ind1=" " ind2=" ">
    <subfield code="a">Hermen&#xE9;utica literaria</subfield>
    <subfield code="9">219</subfield>
  </datafield>
  <datafield tag="650" ind1=" " ind2=" ">
    <subfield code="a">Psicoan&#xE1;lisis y literatura</subfield>
    <subfield code="9">1805</subfield>
  </datafield>
  <datafield tag="650" ind1=" " ind2=" ">
    <subfield code="a">Mitos - Interpretaci&#xF3;n psicoanal&#xED;tica</subfield>
    <subfield code="9">52272</subfield>
  </datafield>
  <datafield tag="650" ind1=" " ind2="7">
    <subfield code="a">Creaci&#xF3;n literaria, art&#xED;stica, etc.</subfield>
    <subfield code="2">lemb</subfield>
    <subfield code="9">37993</subfield>
  </datafield>
  <datafield tag="650" ind1=" " ind2="7">
    <subfield code="a">An&#xE1;lisis de contenido (Comunicaci&#xF3;n)</subfield>
    <subfield code="2">armarc</subfield>
    <subfield code="9">195295</subfield>
  </datafield>
  <datafield tag="650" ind1=" " ind2=" ">
    <subfield code="a">An&#xE1;lisis de textos</subfield>
    <subfield code="9">25134</subfield>
  </datafield>
  <datafield tag="650" ind1=" " ind2="7">
    <subfield code="a">Interpretaci&#xF3;n psicoanal&#xED;tica</subfield>
    <subfield code="2">lemb</subfield>
    <subfield code="9">219124</subfield>
  </datafield>
  <datafield tag="773" ind1="0" ind2=" ">
    <subfield code="t">Revista de Ciencias Sociales (San Jos&#xE9;)</subfield>
    <subfield code="g">N&#xFA;mero 096, Abril-Junio de 2002, p. 55-69</subfield>
    <subfield code="w">200521</subfield>
    <subfield code="x">0482-5276</subfield>
    <subfield code="0">84842</subfield>
  </datafield>
  <datafield tag="942" ind1=" " ind2=" ">
    <subfield code="c">ARIMP</subfield>
  </datafield>
  <datafield tag="999" ind1=" " ind2=" ">
    <subfield code="c">289818</subfield>
    <subfield code="d">289818</subfield>
  </datafield>
</record>
